| 000 | 01093nem a2200301 4500 | ||
|---|---|---|---|
| 001 | ebr10002729 | ||
| 003 | CaPaEBR | ||
| 006 | m u | ||
| 007 | cr cn||||||||| | ||
| 008 | 101210s1999 xx s a s 0 eng d | ||
| 034 | 0 | _aa | |
| 040 |
_aCaPaEBR _cCaPaEBR |
||
| 035 | _a(OCoLC)704410605 | ||
| 050 | 1 | 4 |
_aLC212.52 _b.P83 1999eb |
| 050 | 1 | 4 |
_aG3700 _b.P83 1999eb |
| 052 | _a3700 | ||
| 245 | 0 | 0 |
_aPublic school segregation by state, May 1954 _h[electronic resource]. |
| 255 | _aScale varies. | ||
| 260 |
_a[S.l.] : _bMaps.com, _cc1999. |
||
| 300 | _a1 online resource (1 map) | ||
| 533 |
_aElectronic reproduction. _bPalo Alto, Calif. : _cebrary, _d2011. _nAvailable via World Wide Web. _nAccess may be limited to ebrary affiliated libraries. |
||
| 650 | 0 |
_aSegregation in education _zUnited States _vMaps. |
|
| 651 | 0 |
_aUnited States _vMaps. |
|
| 655 | 7 |
_aElectronic books. _2local |
|
| 710 | 2 | _aMaps.com (Firm) | |
| 710 | 2 | _aebrary, Inc. | |
| 856 | 4 | 0 |
_uhttp://site.ebrary.com/lib/rucke/Doc?id=10002729 _zAn electronic book accessible through the World Wide Web; click to view |
| 999 |
_c18014 _d18014 |
||